Catálogo
 En Linea

Sánchez. (Registro nro. 26664)

Detalles MARC
000 -CABECERA
campo de control de longitud fija 01060nam a2200313 i 4500
001 - NÚMERO DE CONTROL
campo de control 000027172
003 - IDENTIFICADOR DEL NÚMERO DE CONTROL
campo de control DO-SdBNP
005 - FECHA Y HORA DE LA ÚLTIMA TRANSACCIÓN
campo de control 20241212083812.0
007 - CAMPO FIJO DE DESCRIPCIÓN FÍSICA--INFORMACIÓN GENERAL
campo de control de longitud fija ta
008 - DATOS DE LONGITUD FIJA--INFORMACIÓN GENERAL
campo de control de longitud fija 110330s1947 dr a 000 0bspa d
040 ## - FUENTE DE LA CATALOGACIÓN
Centro catalogador/agencia de origen DO-SdBNP
Lengua de catalogación spa
Centro/agencia transcriptor BNPHU
Normas de descripción rda
041 ## - CÓDIGO DE LENGUA
Código de lengua original spa
082 ## - NÚMERO DE LA CLASIFICACIÓN DECIMAL DEWEY
Número de clasificación 923.27293
Número de documento/Ítem S211L
Número de edición 22
100 1# - ENTRADA PRINCIPAL--NOMBRE DE PERSONA
Nombre de persona Lugo Lovaton, Ramón
Término indicativo de función/relación autor
9 (RLIN) 54236
245 10 - MENCIÓN DE TÍTULO
Título Sánchez.
264 ## - PRODUCCIÓN, PUBLICACIÓN, DISTRIBUCIÓN, FABRICACIÓN Y COPYRIGHT
Producción, publicación, distribución, fabricación y copyright Ciudad Trujillo, República Dominicana :
Nombre del de productor, editor, distribuidor, fabricante Montalvo,
Fecha de producción, publicación, distribución, fabricación o copyright 1947.
300 ## - DESCRIPCIÓN FÍSICA
Extensión 470 páginas :
Otras características físicas ilustraciones ;
Dimensiones 24 cm.
336 ## - TIPO DE CONTENIDO
Término de tipo de contenido rdacontent
Código de tipo de contenido texto
Fuente txt
337 ## - TIPO DE MEDIO
Nombre/término del tipo de medio rdamedia
Código del tipo de medio sin mediación
Fuente n
338 ## - TIPO DE SOPORTE
Nombre/término del tipo de soporte rdacarrier
Código del tipo de soporte volumen
Fuente nc
490 1# - MENCIÓN DE SERIE
Mención de serie Biblioteca dominicana
Designación de volumen o secuencia 2
500 ## - NOTA GENERAL
Nota general La biblioteca posee el volumen 1
504 ## - NOTA DE BIBLIOGRAFÍA, ETC.
Nota de bibliografía, etc. Incluye referencias bibliográficas y notas al pie de las páginas
600 #0 - PUNTO DE ACCESO ADICIONAL DE MATERIA--NOMBRE DE PERSONA
Nombre de persona SÁNCHEZ, FRANCISCO DEL ROSARIO,
Fechas asociadas al nombre 1817-1861
9 (RLIN) 7226
651 #0 - PUNTO DE ACCESO ADICIONAL DE MATERIA--NOMBRE GEOGRÁFICO
Nombre geográfico República Dominicana --
Subdivisión general Historia --
Subdivisión cronológica 1844-1930
9 (RLIN) 1009
830 #0 - PUNTO DE ACCESO ADICIONAL DE SERIE-TÍTULO UNIFORME
Título uniforme Biblioteca dominicana
Número de parte o sección de la obra 2
9 (RLIN) 54237
910 ## - DATOS DE OPCIÓN DEL USUARIO (OCLC)
Datos de opción del usuario Validado. Control de calidad BNPHU
942 ## - ELEMENTOS DE PUNTO DE ACCESO ADICIONAL (KOHA)
Fuente del sistema de clasificación o colocación Dewey Decimal Classification
Tipo de ítem Koha Libro
Existencias
Estado de retiro Estado de pérdida Restricciones de uso No para préstamo Código de colección Localización permanente Ubicación/localización actual Ubicación en estantería Fecha de adquisición Número de inventario Total de préstamos Signatura topográfica completa Código de barras Fecha visto por última vez Precio válido a partir de Tipo de ítem Koha Nota pública Fuente del sistema de clasificación o colocación Fuente de adquisición Número de copia
    Préstamo en sala   Dominicana de Servicio Biblioteca Nacional Pedro Henríquez Ureña Biblioteca Nacional Pedro Henríquez Ureña En catalogación 12.12.2024     BNPHU DS 923.27293 S211L 2024-7019 12.12.2024 12.12.2024 Libro Pertenecio a la biblioteca personal de Emilio Cordero Michel Dewey Decimal Classification Donado por la Presidencia de la República Dominicana 2023 v.1,e.6
  Extraviado     Raros y valiosos General General Extraviado 08.04.2011 LF1   v. 1, e. 4 27172-40 25.06.2020 25.06.2020 Préstamo en sala        
  Extraviado     Raros y valiosos General General Extraviado 06.05.2011 LF1   v. 1, e. 5 27172-50 25.06.2020 25.06.2020 Préstamo en sala        
      Excluido de préstamo Raros y valiosos Patrimonio Dominicano Patrimonio Dominicano Depósito 30.03.2011 LF1   923.27293 S211L | v. 1 27172-10 25.06.2020 25.06.2020 No se presta Perteneció a la biblioteca personal de Julio Ortega Frier.      
      Excluido de préstamo Raros y valiosos Patrimonio Dominicano Patrimonio Dominicano Depósito 30.03.2011 LF1   923.27293 S211L | v. 1, e. 2 27172-20 25.06.2020 25.06.2020 No se presta        
        Raros y valiosos Patrimonio Dominicano Patrimonio Dominicano Depósito 30.03.2011 LF1   923.27293 S211L | v. 1, e. 3 27172-30 25.06.2020 25.06.2020 Préstamo en sala        

Con tecnología Koha